| 000 | 00590nam a22002057a 4500 | ||
|---|---|---|---|
| 001 | 13497 | ||
| 005 | 20260312075630.0 | ||
| 008 | 260312b |||||||| |||| 00| 0 eng d | ||
| 020 | _a0273613758 | ||
| 040 | _aBSULIB | ||
| 082 |
_222 _a658.4 _bSTA |
||
| 100 |
_aStacey, Ralph. D. _926334 |
||
| 245 |
_aStrategic management & organisational dynamics/ _cRalph D Stacey. |
||
| 250 | _a2nd ed. | ||
| 260 |
_aLondon: _bPitman publishing, _c1996. |
||
| 300 |
_axxiii, 520p.: _bill.; _c23cm. |
||
| 500 | _aIncludes bibliographical references and index | ||
| 650 | _2Management | ||
| 942 |
_2ddc _cBK |
||
| 999 |
_c13497 _d13497 |
||